Good Style : Writing for Science and Technology /

Guardado en:
Detalles Bibliográficos
Autor principal: Kirkman, John (Autor)
Formato: Libro
Lenguaje:inglés
Publicado: London : E. and F.N.Spon, 1992
Etiquetas: Agregar Etiqueta
Sin Etiquetas, Sea el primero en etiquetar este registro!

MARC

LEADER 00000nam a22000003a 4500
001 stu21076
005 20150617225749.7
008 930215s1992----uk------------------eng-d
020 |a 0-419-17190-8 
040 |a STU  |b slo 
041 0 |a eng 
044 |a uk 
080 |a 802.0 
100 1 |a Kirkman, John  |4 aut 
245 1 |a Good Style :  |b Writing for Science and Technology /  |c [aut.]Kirkman,John 
260 |a London :  |b E. and F.N.Spon,  |c 1992 
300 |a 221 s :  |b Tab.,lit.,index 
996 |b C91022  |c C*91022  |l CCI  |s A  |a 24  |w stu21076_0001 
996 |b C91279  |c C*91279  |l CCXVII  |s P  |a 0  |w stu21076_0002